| 000 -LEADER |
| fixed length control field |
01286pam a2200325 a 4500 |
| 001 - CONTROL NUMBER |
| control field |
2385635 |
| 003 - CONTROL NUMBER IDENTIFIER |
| control field |
NUST |
| 005 - DATE AND TIME OF LATEST TRANSACTION |
| control field |
20180117110948.0 |
| 008 - FIXED-LENGTH DATA ELEMENTS--GENERAL INFORMATION |
| fixed length control field |
850201s1985 nyua b 001 0 eng |
| 010 ## - LIBRARY OF CONGRESS CONTROL NUMBER |
| LC control number |
85003221 |
| 020 ## - INTERNATIONAL STANDARD BOOK NUMBER |
| International Standard Book Number |
0471822175 : |
| Terms of availability |
$32.50 (est.) |
| 040 ## - CATALOGING SOURCE |
| Original cataloging agency |
DLC |
| Transcribing agency |
DLC |
| Modifying agency |
DLC |
| 050 00 - LIBRARY OF CONGRESS CALL NUMBER |
| Classification number |
S592.5 |
| Item number |
.B63 1985 |
| 082 00 - DEWEY DECIMAL CLASSIFICATION NUMBER |
| Classification number |
631.41 BOH |
| Edition number |
19 |
| 100 1# - MAIN ENTRY--PERSONAL NAME |
| Personal name |
Bohn, Hinrich L., |
| Dates associated with a name |
1934- |
| 9 (RLIN) |
6993 |
| 245 10 - TITLE STATEMENT |
| Title |
Soil chemistry / |
| Statement of responsibility, etc. |
Hinrich L. Bohn, Brian L. McNeal, George A. O'Connor. |
| 250 ## - EDITION STATEMENT |
| Edition statement |
2nd ed. |
| 260 ## - PUBLICATION, DISTRIBUTION, ETC. |
| Place of publication, distribution, etc. |
New York : |
| Name of publisher, distributor, etc. |
Wiley, |
| Date of publication, distribution, etc. |
c1985. |
| 300 ## - PHYSICAL DESCRIPTION |
| Extent |
xiv, 341 p. : |
| Other physical details |
ill. ; |
| Dimensions |
24 cm. |
| 500 ## - GENERAL NOTE |
| General note |
"A Wiley-Interscience publication." |
| 501 ## - WITH NOTE |
| With note |
H.B |
| 504 ## - BIBLIOGRAPHY, ETC. NOTE |
| Bibliography, etc. note |
Includes bibliographies and indexes. |
| 650 #0 - SUBJECT ADDED ENTRY--TOPICAL TERM |
| Topical term or geographic name entry element |
Soil chemistry. |
| 9 (RLIN) |
6518 |
| 700 1# - ADDED ENTRY--PERSONAL NAME |
| Personal name |
McNeal, Brian Lester, |
| Dates associated with a name |
1938- |
| 9 (RLIN) |
6994 |
| 700 1# - ADDED ENTRY--PERSONAL NAME |
| Personal name |
O'Connor, George A., |
| Dates associated with a name |
1944- |
| 9 (RLIN) |
6995 |
| 856 4# - ELECTRONIC LOCATION AND ACCESS |
| Materials specified |
Table of Contents only |
| Uniform Resource Identifier |
<a href="http://www.loc.gov/catdir/toc/onix05/85003221.html">http://www.loc.gov/catdir/toc/onix05/85003221.html</a> |
| 856 42 - ELECTRONIC LOCATION AND ACCESS |
| Materials specified |
Contributor biographical information |
| Uniform Resource Identifier |
<a href="http://www.loc.gov/catdir/enhancements/fy0607/85003221-b.html">http://www.loc.gov/catdir/enhancements/fy0607/85003221-b.html</a> |
| 856 42 - ELECTRONIC LOCATION AND ACCESS |
| Materials specified |
Publisher description |
| Uniform Resource Identifier |
<a href="http://www.loc.gov/catdir/enhancements/fy0607/85003221-d.html">http://www.loc.gov/catdir/enhancements/fy0607/85003221-d.html</a> |
| 906 ## - LOCAL DATA ELEMENT F, LDF (RLIN) |
| a |
7 |
| b |
cbc |
| c |
orignew |
| d |
1 |
| e |
ocip |
| f |
19 |
| g |
y-gencatlg |
| 942 ## - ADDED ENTRY ELEMENTS (KOHA) |
| Source of classification or shelving scheme |
|
| Koha item type |
Book |
| Call number prefix |
IESE |